<?xml version="1.0" encoding="UTF-8"?>
<record
    xmlns:xsi="http://www.w3.org/2001/XMLSchema-instance"
    xsi:schemaLocation="http://www.loc.gov/MARC21/slim http://www.loc.gov/standards/marcxml/schema/MARC21slim.xsd"
    xmlns="http://www.loc.gov/MARC21/slim">

  <leader>00853nam a22001937a 4500</leader>
  <controlfield tag="005">20250902164416.0</controlfield>
  <datafield tag="010" ind1=" " ind2=" ">
    <subfield code="a">HIN-130342</subfield>
  </datafield>
  <datafield tag="020" ind1=" " ind2=" ">
    <subfield code="c">420</subfield>
    <subfield code="a">9788195188130</subfield>
  </datafield>
  <datafield tag="035" ind1=" " ind2=" ">
    <subfield code="a">HN-102688</subfield>
  </datafield>
  <datafield tag="037" ind1=" " ind2=" ">
    <subfield code="b">DBAD</subfield>
  </datafield>
  <datafield tag="082" ind1=" " ind2=" ">
    <subfield code="a">820.8</subfield>
  </datafield>
  <datafield tag="100" ind1=" " ind2=" ">
    <subfield code="a">&#x92E;&#x93E;&#x92F;&#x93E;&#x926;&#x947;&#x935;&#x940; &#x921;&#x92C;&#x94D;&#x932;&#x94D;&#x92F;&#x942; </subfield>
    <subfield code="9">84523</subfield>
  </datafield>
  <datafield tag="245" ind1=" " ind2=" ">
    <subfield code="a">&#x939;&#x93F;&#x928;&#x94D;&#x926;&#x940; &#x938;&#x93E;&#x939;&#x93F;&#x924;&#x94D;&#x92F; &#x92E;&#x947;&#x902; &#x939;&#x93E;&#x936;&#x93F;&#x92F;&#x947; &#x915;&#x947; &#x938;&#x94D;&#x935;&#x930;  /</subfield>
    <subfield code="c">&#x921;&#x92C;&#x94D;&#x932;&#x94D;&#x92F;&#x942; &#x92E;&#x93E;&#x92F;&#x93E;&#x926;&#x947;&#x935;&#x940; </subfield>
  </datafield>
  <datafield tag="260" ind1=" " ind2=" ">
    <subfield code="b">&#x938;&#x902;&#x92C;&#x94B;&#x902;&#x927;&#x93F; &#x92A;&#x94D;&#x930;&#x915;&#x93E;&#x936;&#x928; </subfield>
    <subfield code="c">2022 </subfield>
    <subfield code="a">&#x92E;&#x939;&#x93E;&#x930;&#x93E;&#x937;&#x94D;&#x91F;&#x94D;&#x930;</subfield>
  </datafield>
  <datafield tag="270" ind1=" " ind2=" ">
    <subfield code="a">&#x939;&#x941;&#x902;&#x921;&#x93E; (&#x92A; .&#x909;) &#x924;&#x93E; . &#x909;&#x92E;&#x930;&#x940; .&#x91C;&#x93F; &#x928;&#x93E;&#x926;&#x947;&#x902;&#x921;</subfield>
    <subfield code="a">&#x92E;&#x939;&#x93E;&#x930;&#x93E;&#x937;&#x94D;&#x91F;&#x94D;&#x930; -431807  </subfield>
  </datafield>
  <datafield tag="300" ind1=" " ind2=" ">
    <subfield code="a">280   &#x92A;&#x943;.;</subfield>
    <subfield code="c">21  &#x938;&#x947;&#x92E;&#x940; (&#x905;&#x91C;&#x93F;&#x932;&#x94D;&#x926;)</subfield>
  </datafield>
  <datafield tag="700" ind1=" " ind2=" ">
    <subfield code="9">84491</subfield>
  </datafield>
  <datafield tag="942" ind1=" " ind2=" ">
    <subfield code="2">ddc</subfield>
    <subfield code="c">HN</subfield>
    <subfield code="h">820.8 </subfield>
    <subfield code="m">&#x939;&#x93F;&#x928;&#x94D;&#x926;&#x940; &#x938;&#x93E; </subfield>
  </datafield>
  <datafield tag="999" ind1=" " ind2=" ">
    <subfield code="c">213261</subfield>
    <subfield code="d">213261</subfield>
  </datafield>
  <datafield tag="952" ind1=" " ind2=" ">
    <subfield code="0">0</subfield>
    <subfield code="1">0</subfield>
    <subfield code="4">0</subfield>
    <subfield code="7">1</subfield>
    <subfield code="8">NFIC</subfield>
    <subfield code="a">DBAD</subfield>
    <subfield code="b">DBAD</subfield>
    <subfield code="d">2025-09-02</subfield>
    <subfield code="e">DBAD</subfield>
    <subfield code="g">420.00</subfield>
    <subfield code="l">0</subfield>
    <subfield code="o">820.8  &#x939;&#x93F;&#x928;&#x94D;&#x926;&#x940; &#x938;&#x93E; </subfield>
    <subfield code="p">HN-102688</subfield>
    <subfield code="r">2025-09-02 00:00:00</subfield>
    <subfield code="t">1 </subfield>
    <subfield code="v">420.00</subfield>
    <subfield code="w">2025-09-02</subfield>
    <subfield code="y">HN</subfield>
  </datafield>
</record>
